000
00297nam a22001217a 4500
008
181221b xxu||||| |||| 00| 0 eng d
041
_a
eng
080
_a
321
100
_a
19
101
_a
SHP
245
_a
Religious Politics in Global and Comparative Perspective
_c
Swatos, W.H
942
_2
udc
_c
BK
999
_c
53597
_d
53597